书目信息 |
| 题名: |
新加坡史
|
|
| 作者: | 哈·弗·皮尔逊 著 ;《新加坡史》翻译小组 译 | |
| 分册: | ||
| 出版信息: | 福州 福建人民出版社 1972.11 |
|
| 页数: | 209页 | |
| 开本: | 20cm | |
| 丛书名: | ||
| 单 册: | ||
| 中图分类: | K339 | |
| 科图分类: | ||
| 主题词: | 东南亚--历史 | |
| 电子资源: | ||
| ISBN: | ||
| 000 | 00720nam0 2200241 45 | |
| 001 | 0212050962 | |
| 005 | 20031219104101.7 | |
| 010 | @dCNY0.63 | |
| 091 | @a11.2 | |
| 100 | @a20021205d1972 km y0chiy0120 ea | |
| 101 | 0 | @achi |
| 105 | @aab z 000yy | |
| 200 | 1 | @a新加坡史@AXin Jia Po Shi@f(英)哈·弗·皮尔逊著@F(Ying)Ha·Fu·Pi Er Xun Zhu@g《新加坡史》翻译小组译 |
| 210 | @a福州@c福建人民出版社@d1972.11 | |
| 215 | @a209页@c照片,地图@d20cm | |
| 300 | @a内部读物 | |
| 300 | @a中外译名对照表 | |
| 606 | 0 | @a东南亚@x历史 |
| 690 | @aK339@v1 | |
| 701 | 0 | @a哈·弗·皮尔逊@4著 |
| 712 | 02 | @a《新加坡史》翻译小组@A《Xin Jia Po Shi》Fan Yi Xiao Zu@4译 |
| 801 | @aCN@bTSTC@c20021205 | |
| 905 | @f2@b219215-216@dK339@e1 | |
| 新加坡史/(英)哈·弗·皮尔逊著/《新加坡史》翻译小组译.-福州:福建人民出版社,1972.11 |
| 209页:照片,地图;20cm |
| 内部读物.-中外译名对照表 |
| ISBN :CNY0.63 |
| ● |
| 相关链接 |
|
|
|
|
正题名:新加坡史
索取号:K339/1
 
预约/预借
| 序号 | 登录号 | 条形码 | 馆藏地/架位号 | 状态 | 备注 |
| 1 | 0219215 | 001731941 | 密集书库/ [索取号:K339/1] | 在馆 | |
| 2 | 0219216 | 001731987 | 密集书库/ [索取号:K339/1] | 在馆 |